| 000 | 01143nam a2200265Ia 4500 | ||
|---|---|---|---|
| 003 | OSt | ||
| 005 | 20210802110929.0 | ||
| 008 | 210310t1977 ck fr 000 0 spa d | ||
| 040 |
_aCO-JMCR _cCO-JMCR |
||
| 041 | 1 |
_aspa _heng |
|
| 082 | 0 | 4 |
_a332.45 / _bC641t _223 |
| 100 | 1 |
_aCline, William R., _916659 _eautor |
|
| 245 | 1 | 3 |
_aEl tercer mundo y la reforma monetaria internacional / _cWilliam R. Cline ; traducido al español por Servicios de Información Ltda. |
| 260 |
_aBogotá : _bANIF : _bBanco de Colombia, _c©1977 |
||
| 300 |
_a152 páginas ; _c21 cm. |
||
| 490 | 0 | _aBiblioteca ANIF de Economía | |
| 500 | _aTítulo original: International Monetary Reform and the Developing Countries | ||
| 505 | 0 | _aLas tasas de cambio flexibles y los países en desarrollo -- El vinculo de asistencia para el desarrollo de los DEG -- La suficiencia de las reservas mundiales | |
| 546 | _aTraducido del inglés. | ||
| 650 | 1 | 4 |
_aPolítica monetaria _916661 |
| 650 | 2 | 4 |
_aCambio Exterior _95875 |
| 650 | 2 | 4 |
_aPaíses en Desarrollo _xAsistencia Económica _938960 |
| 710 | 1 |
_aServicios de Información Ltda. _etraductor _938961 |
|
| 942 |
_2ddc _cBK |
||
| 999 |
_c8218 _d8218 |
||